Education in the academic discipline "The co-operative movement": selected study programmes

Saved in:
Bibliographic Details
Main Author: Hesková, Marie
Other Authors: Šúbertová, Elena
Format: Book Chapter
Language:English
Tags: Add Tag
No Tags, Be the first to tag this record!

MARC

LEADER 00000naa$a2200000$$$4500
001 0060595
005 20240502083144.4
041 0 |a eng 
044 |a CZ 
245 1 0 |a Education in the academic discipline "The co-operative movement": selected study programmes  |c Marie Hesková, Elena Šúbertová 
100 1 |a Hesková, Marie 
700 1 |a Šúbertová, Elena